| 000 | 00338nam a22001457a 4500 | ||
|---|---|---|---|
| 999 |
_c531521 _d531521 |
||
| 003 | NUST | ||
| 020 |
_a9783929932027 _qH/B. |
||
| 038 | _awaseem | ||
| 082 |
_a914.4 _bVAR |
||
| 100 |
_aVarry, France _924317 |
||
| 245 |
_aPanorama de la France / _cFrance Varry |
||
| 260 |
_aFrance : _bZVP, _c1840. |
||
| 300 | _a199 p. ; | ||
| 942 |
_2ddc _cBK |
||